000 01574nam a22004097a 4500
003 CHAP
005 20220329143550.0
008 100603s2010 mx r 00010 spa d
010 _a98595
011 _a99567
035 _a110253
040 _cCHAP
090 _aTesis
100 1 _aRomero Padilla, Arely
_999640
245 1 0 _aEvaluación de un enraizador en el crecimiento de plántula de lechuga (Lactuca sativa, L.) en Chapingo, México
_c/por Arely Romero Padilla
260 _aChapingo, Méx. :
_bEl autor,
_c2010
300 _avii, 61 h. :
_bilus., gráfs.
502 _aTesis (Ing. Agr. Esp. en Fitotecnia) -- UACH. Departamento de Fitotecnia
530 _aTambién disponible en línea
590 _aALEPH
_b10
_c20130110
_lUCH01
_h1534
590 _aBATCH-UPD
_b10
_c20130110
_lUCH01
_h1047
590 _aBATCH-UPD
_b10
_c20130410
_lUCH01
_h0645
590 _aBATCH-UPD
_b10
_c20130914
_lUCH01
_h1309
590 _aBATCH-UPD
_b10
_c20140324
_lUCH01
_h1517
590 _aBATCH-UPD
_b10
_c20141002
_lUCH01
_h0843
590 _aCONVERSION
_b10
_c20130109
_lUCH01
_h1354
650 1 4 _aEnraizamiento.
_937013
650 1 4 _aLechuga
_xFechas de siembra.
_965460
650 1 4 _aLechuga
_xGerminación.
_965462
650 1 4 _aLechuga
_xPlántulas.
_965471
650 1 4 _aLechuga
_zMéxico (Edo.).
_965480
856 _3Finding aid
_uhttp://10.13.5.2/tesis/110253.pdf
_zTeclea aqui
901 _aBK
942 _cFOLL
949 _aTesis
_bBC
_cTES
_d33724002173124
_eTS2
_fc.2
_gDonaciØn
_h50687
_i110253
_sb
949 _aTEsis
_bBC
_cTES
_d33724002173165
_eTS1
_gDonaciØn
_h50686
_i110253
_sb
999 _c98595
_d98595